000
00265nam a2200109Ia 4500
008
220204s9999 xx 000 0 und d
082
_a
910.4(495)
_b
GEI
245
0
_a
Let's travel in Greece
260
_a
Chicago
_b
McGraw Hill
700
_a
Geis, Darlene
942
_c
BK
999
_c
30185
_d
30185